Puzzle - Nom de footballeur #1 - Statistiques

Statistiques générales
  • Ce quiz a été pris 1 409 fois
  • Le résultat moyen est 8 sur 14
Statistiques - réponses
Réponse % Correct
Pogba
92%
Thuram
87%
Griezmann
85%
Barthez
78%
Henry
76%
Pavard
69%
LLoris
68%
Dugarry
52%
Petit
40%
Ribéry
37%
Toulalan
31%
Govou
26%
Cantona
23%
Malouda
11%
Aucun quiz correspondant
Distribution des résultats
% des personnes avec chaque résultat
Percentile par nombre de réponses
Votre historique - résultats
Vous n’avez pas pris ce quiz